000 00462nam a2200169Ia 4500
008 181130s2018 xx 000 0 und d
100 _aShakeel, Adnan
245 _aBundelkhand region:
_bis drought designing a desert? Reasons, results and resolutions
260 _c2018
300 _ap.37-56.
504 _dJun
650 _aDrought
650 _aDrought - Bundelkhand
700 _aShazli, Tasneem
773 _aMan and Development
906 _aDrought
999 _c506498
_d506498